Picture Click Quiz - Harry Potter Movies #2 - Statistics

General Stats
  • This quiz has been taken 29 times
  • The average score is 6 of 8
Answer Stats
Hint Answer % Correct
Chamber of Secrets
Sleepy
95%
Philosopher's Stone
Pascal
89%
Goblet of Fire
Ray
89%
Prisoner of Azkaban
Louis
89%
Order of the Phoenix
Meeko
63%
Deathly Hallows Part 2
Terk
58%
Half-Blood Prince
Flounder
58%
Deathly Hallows Part 1
Bashful
53%
No matching quizzes found
Score Distribution
Percent of People with Each Score
Percentile by Number Answered
Your Score History
You have not taken this quiz